[Event "Mykolaiv IM Feb 2021"]
[Site "Mykolaiv"]
[Date "2021.03.01"]
[Round "4.5"]
[White "Okhotnik, Vladimir"]
[Black "Gavrish, Leonid"]
[Result "1-0"]
[WhiteElo "2350"]
[BlackElo "2085"]
[Annotator "TA"]
[PlyCount "123"]
[EventDate "2021.02.25"]
[EventType "tourn"]
[EventCountry "UKR"]
[SourceTitle "playchess.com"]
[Source "ChessBase"]
[SourceQuality "1"]

{[%evp 9,123,21,22,18,20,14,12,0,0,-18,-16,-27,-30,-41,-40,-68,-38,-33,-34,-35,-28,-29,-30,-35,-32,-34,-33,-34,-34,-32,-34,-34,-30,-32,-25,-33,-7,-11,-7,-7,0,0,0,-7,0,0,0,0,0,0,0,0,0,0,0,0,0,0,0,0,0,0,0,0,0,0,0,0,0,0,0,0,0,-3,0,0,0,-6,0,0,0,0,0,0,0,0,0,0,0,0,0,0,0,0,0,0,0,0,0,0,0,2,0,0,77,77,373,373,1474,1334,29976,29977,29984,29985,29985,29986]} 1. Nc3 d5 2. d4 Bf5 3. Nf3 Nf6 4. Nh4 e6 5. Nxf5 exf5 {[#]} 6. Qd3 $146 {D00: 1 d4 d5: Unusual lines.} ({Predecessor:} 6. Bg5 Be7 7. Qd3 Qd6 8. g3 Nc6 9. a3 O-O 10. Bh3 Ne4 11. Bxe7 Nxe7 12. Rd1 {1-0 (27) Langevin,P (2221)-Dubois,M (2029) Hyeres 2001}) 6... Qd7 7. f3 Nc6 8. Bg5 {The position is equal.} Be7 9. O-O-O {[#]} Ne4 $1 10. Nxe4 dxe4 11. Qd2 {[#]} Qxd4 $1 12. fxe4 O-O-O (12... fxe4 {is more complex.} 13. g3 g6 14. Bh3 f5 15. Be3 Qxd2+ 16. Bxd2 O-O) 13. Bxe7 Qxd2+ 14. Rxd2 Nxe7 15. Rxd8+ Rxd8 16. exf5 Nxf5 $15 {[%mdl 4096] Endgame Strongly threatening ...Ne3. KRB-KRN} 17. e4 Ne3 {[%csl Ge3][%cal Rd8d1]} 18. Bd3 Ng4 19. Rf1 Ne5 20. Kd2 Kd7 21. Ke3 Ke6 22. Be2 c5 23. h3 g6 24. g4 f6 25. h4 h6 26. Rg1 a6 27. a4 Rd4 28. b3 Rd7 29. a5 Rd8 30. c3 Rd7 31. h5 Rg7 {White must now prevent ...gxh5.} 32. Rh1 gxh5 33. Rxh5 Nxg4+ 34. Kf4 Ne5 35. Rxh6 Rg2 36. Ke3 Rg3+ 37. Kd2 Nc6 38. Bc4+ Ke5 39. Bd5 Nxa5 40. Rh7 Rg2+ 41. Kd3 Rg3+ 42. Kc2 Rg2+ 43. Kd3 Kf4 44. Rf7 Rg3+ 45. Kc2 Rg2+ 46. Kb1 Rg6 47. b4 cxb4 48. cxb4 Nc6 49. Rxb7 Nd4 50. Rb6 Rg1+ 51. Kb2 Rg2+ 52. Kc1 Rg1+ 53. Kd2 Rg2+ 54. Kd3 Ke5 55. Rxa6 {next Ra5 is good for White.} f5 56. exf5 Rg3+ (56... Nc2 $1 $11) 57. Kc4 $16 {aiming for f6.} Rg4 $2 {[%mdl 8192] [#] A mistake that costs the game.} (57... Rg1 $16 {might work better.}) 58. Kc5 $1 $18 Rf4 $2 (58... Rg7 59. Rg6 Rd7) 59. f6 Rf2 60. f7 {White mates.} Rc2+ 61. Bc4 Nb3+ 62. Kb6 {Weighted Error Value: White=0.01/Black=0.24} 1-0

[Event "Mykolaiv IM Feb 2021"]
[Site "Mykolaiv"]
[Date "2021.03.02"]
[Round "5.1"]
[White "Gavrish, Leonid"]
[Black "Kozak, Leonid"]
[Result "0-1"]
[WhiteElo "2085"]
[BlackElo "2244"]
[Annotator "TA"]
[PlyCount "75"]
[EventDate "2021.02.25"]
[EventType "tourn"]
[EventCountry "UKR"]
[SourceTitle "playchess.com"]
[Source "ChessBase"]
[SourceQuality "1"]

{[%evp 36,75,49,38,73,68,83,93,116,140,227,12,24,-45,56,50,61,0,0,-326,-300,-298,-315,-302,-294,-276,-227,-230,-228,-502,-501,-1031,-893,-1862,-1935,-1658,-1694,-29988,-29989,-29999,1226,1151]} 1. d4 Nf6 2. c4 g6 3. Nc3 Bg7 4. e4 d6 5. Nf3 O-O 6. Be2 e5 7. O-O Nc6 8. d5 Ne7 9. Ne1 Nd7 10. Nd3 f5 11. f3 Nf6 12. c5 f4 13. Bd2 g5 14. Rc1 Ng6 15. cxd6 cxd6 16. Nb5 Rf7 17. Qc2 Ne8 18. a4 h5 19. Nf2 a6 {E99: King's Indian: Classical Main Line: 9 Ne1 Nd7 10 f3 f5.} 20. Na3 Bd7 21. Nc4 {[#]} g4 $146 {White is better.} ({Predecessor:} 21... b6 22. a5 b5 23. Nb6 Ra7 24. Nd3 Rc7 25. Qb3 Bc8 26. Nb4 Rxc1 27. Rxc1 Bb7 {1-0 (42) Romizin,N (2374)-Bennett,H (2290) ICCF email 2007}) 22. fxg4 Nh4 (22... hxg4 $16 23. Nxg4 (23. Bxg4 Bxg4 24. Nxg4 b5 $16) 23... Rc8) 23. Qb3 $2 (23. gxh5 $18 Bh6 24. Ng4 Bxg4 25. Bxg4) 23... b5 $11 {[#]} 24. Na5 (24. gxh5 bxc4 25. Rxc4 Rb8 $17) (24. Ba5 $1 $11 Qg5 25. Nb6 hxg4 26. g3 (26. Nxa8 $2 {loses.} f3 $19) 26... bxa4 27. Qc3 (27. gxh4 $2 Qxh4 28. Qc2 g3 $19) 27... Nf3+ 28. Bxf3 gxf3 29. Qxf3 (29. Nxa8 $2 fxg3 30. Ng4 Qxg4 $19)) 24... bxa4 (24... Qg5 $15) 25. Qh3 Bh6 26. Nc6 (26. Rc2 $14) 26... Qf6 {And now ...f3 would win.} 27. Nd3 $2 {[%mdl 8192]} (27. Rc2 $11 {and White is okay.}) 27... hxg4 $19 28. Bxg4 Bxg4 29. Qxg4+ Rg7 30. Qd1 Rxg2+ 31. Kh1 Qg7 {( -> ...Rxh2+!)} 32. Rg1 $2 (32. Ne1) 32... Nf6 33. Nf2 (33. Ne7+ $142 Kh7 34. Nf5 Rxg1+ 35. Qxg1 Qxg1+ 36. Kxg1 Nf3+ 37. Kh1 Nxd2 38. Rc7+ Kg6 39. Nxd6) 33... Kh7 {Hoping for ...Rg8.} 34. Qf1 f3 35. Bxh6 Qxh6 36. Ne7 Qf4 {[%csl Gf4][%cal Rg2h2][%mdl 64] [#] Double Attack} 37. Nd3 Rf2 $4 {[%mdl 8192]} 38. Nxf2 {[%mdl 32768] Weighted Error Value: White=1.47/Black=0.27. Loss on time!?} 0-1

[Event "Mykolaiv IM Feb 2021"]
[Site "Mykolaiv"]
[Date "2021.03.02"]
[Round "5.2"]
[White "Vakulenko, Oleksandr"]
[Black "Okhotnik, Vladimir"]
[Result "0-1"]
[WhiteElo "2256"]
[BlackElo "2350"]
[Annotator "TA"]
[PlyCount "66"]
[EventDate "2021.02.25"]
[EventType "tourn"]
[EventCountry "UKR"]
[SourceTitle "playchess.com"]
[Source "ChessBase"]
[SourceQuality "1"]

{[%evp 11,66,14,33,10,48,39,49,29,41,33,43,0,0,-28,0,4,0,0,0,0,0,0,16,23,17,8,8,6,3,0,4,0,22,-40,-43,-98,-99,-90,-93,-118,-109,-128,-108,-377,-330,-498,-503,-560,-557,-781,-806,-739,-722,-713,-715,-879,-884]} 1. d4 Nf6 2. c4 g6 3. Nc3 d5 4. cxd5 Nxd5 5. Bd2 Nb6 6. Nf3 Bg7 7. Bf4 {D90: Grünfeld: 4 Nf3 Bg7 sidelines.} c5 8. dxc5 Bxc3+ 9. bxc3 {White is slightly better.} Qxd1+ 10. Rxd1 Na4 11. e3 {[#] aiming for Bxb8.} Nd7 $146 ({Predecessor:} 11... Nxc5 12. Be5 f6 13. Bd4 Na4 14. c4 Nc6 15. Be2 e5 16. Ba1 Be6 17. O-O Kf7 {0-1 (51) Faizrakhmanov,R (2434)-Huzman,A (2567) Moscow 2019}) 12. Nd4 Naxc5 13. Nb5 {Black must now prevent Nc7+.} Ne6 14. h4 (14. Be2 {is more complex.} O-O 15. Bh6 Re8 16. O-O Ndc5 17. c4) 14... a6 15. Nc7+ Nxc7 16. Bxc7 b6 17. h5 g5 18. h6 Ra7 19. Bg3 Nc5 20. Rb1 (20. Rd4 {seems wilder.} Be6 21. Be2 b5 22. O-O Rd7 23. Rfd1) 20... b5 21. f3 Rb7 22. a3 ({White should try} 22. c4 $11 bxc4 23. Rxb7 Bxb7 24. Bxc4) 22... Be6 $15 23. Kf2 (23. Be2 $15) 23... f6 $17 24. Rb4 Kf7 25. Be2 Rc8 26. Rhb1 Rd7 27. f4 $2 {[%mdl 8192] This costs White the game.} (27. Rd4 $17) 27... a5 28. Bh5+ (28. Rxb5 {only move.} Ne4+ {[%mdl 64] Double Attack, Discovered Attack} 29. Kf3 Nxc3 30. fxg5 Nxb1 31. Rxb1) 28... Kf8 $19 {Black is clearly winning.} 29. Rxb5 Ne4+ {[%mdl 64] [#] Double Attack, Discovered Attack} 30. Kf3 g4+ 31. Bxg4 Nd2+ {[%mdl 64] Double Attack} 32. Kf2 Bxg4 33. Rb8 Rdd8 {Weighted Error Value: White=0.62/Black=0.06} 0-1

[Event "Mykolaiv IM Feb 2021"]
[Site "Mykolaiv"]
[Date "2021.03.02"]
[Round "5.3"]
[White "Kocyigit, Buse Naz"]
[Black "Bondar, Dmytro"]
[Result "0-1"]
[WhiteElo "2143"]
[BlackElo "2254"]
[Annotator "TA"]
[PlyCount "60"]
[EventDate "2021.02.25"]
[EventType "tourn"]
[EventCountry "UKR"]
[SourceTitle "playchess.com"]
[Source "ChessBase"]
[SourceQuality "1"]

{[%evp 14,60,42,24,46,43,39,35,60,38,125,23,91,43,60,37,46,30,43,-112,0,0,0,-155,0,-209,-197,-201,0,0,0,0,0,0,101,14,17,-35,52,-1120,-1107,-2185,-2100,-29967,-5701,-1937,-1243,-2050,-1956]} 1. Nf3 Nf6 2. d4 c5 3. c4 cxd4 4. Nxd4 e5 5. Nb5 d5 6. cxd5 Bc5 7. N5c3 O-O 8. g3 Qb6 $1 {A31: Symmetrical English: 2 Nf3 Nf6 3 d4.} 9. e3 Bg4 {9...Bf5 injects fresh life into this line.} 10. Be2 Bh3 {White is slightly better.} 11. Rg1 {And now g4 would win.} Bf5 {[#]} ({Black should play} 11... h5 $14) 12. Nd2 $146 (12. g4 $16 Bg6 13. a3) ({Predecessor:} 12. a3 Rd8 13. Nd2 e4 14. Nc4 Qc7 15. b4 Bf8 16. Qb3 Nxd5 17. Nb5 Qd7 18. Nd4 {1-0 (45) David,V (2396)-Sandalakis,A (2363) France 2008}) 12... Rd8 (12... Bb4 $11) 13. g4 Bg6 14. Nc4 {[%mdl 64] Double Attack} Qc7 15. g5 Ne4 16. Nb5 $2 (16. Bd2 $14 {was forced to keep a grip.}) 16... Bb4+ (16... Qe7 $1 $17 17. f3 a6 $1) 17. Kf1 $11 Qc5 18. Qa4 (18. a3 $11 Qxb5 19. axb4 Rxd5 20. Qb3) 18... a6 $2 ({Stronger than} 18... Rxd5 19. a3 $1 $11) (18... Bf5 $1 $17 {Threatens to win with ...Bh3+.} 19. Kg2 Nxg5) 19. Nxe5 $2 (19. a3 $1 $11 {and White has nothing to worry.} Be1 20. Kxe1) 19... axb5 $19 20. Qxa8 {[#]} Qxd5 (20... Nc6 $1 $19 {[%mdl 512]} 21. Qxb7 (21. Nd3 Qe7) 21... Nxe5 22. Qxb5 Qxb5 23. Bxb5 Rxd5) 21. Nxg6 $11 hxg6 22. Qa7 {Strongly threatening Qd4!} Bc5 23. Qa5 b4 (23... Nc6 $11 {keeps the balance.} 24. Qc7 (24. Qe1 $2 Bb4 $19) 24... Nxg5) 24. Qa4 (24. Qb5 $16) 24... Nc6 25. a3 ({Better is} 25. Rg2 $11) 25... bxa3 (25... Qf5 $15 26. Rg2 bxa3) 26. Qc4 $2 {[%mdl 8192] White does not recover from this.} (26. Rg4 $14 Nd2+ 27. Bxd2 axb2 28. Rd1) 26... Qf5 $19 {[%csl Ge4][%cal Rf5f2]} 27. f3 axb2 28. Rb1 bxc1=Q+ (28... bxc1=R+ $142 29. Qxc1 Ne5 30. Ke1 Nd2 31. Qxd2 Qxb1+ 32. Kf2 {[#]} Qxg1+ $3 {[%mdl 512]} 33. Kxg1 Rxd2 34. Kf1 Bxe3 35. h3 Nd3 36. Bxd3 Rxd3 37. Ke2 Rc3 38. h4 b5 39. f4 Bxf4 40. Kf2 b4 41. Kg2 b3 42. h5 b2 43. hxg6 b1=Q 44. gxf7+ Kf8 45. Kf2 Qb2+ 46. Kg1 Rc1#) 29. Qxc1 Nd2+ 30. Kf2 Nxb1 {Weighted Error Value: White=1.39/Black=0.79} 0-1

[Event "Mykolaiv IM Feb 2021"]
[Site "Mykolaiv"]
[Date "2021.03.02"]
[Round "5.4"]
[White "Anwesh, Upadhyaya"]
[Black "Kushko, Dmitriy"]
[Result "1/2-1/2"]
[WhiteElo "2364"]
[BlackElo "2285"]
[Annotator "TA"]
[PlyCount "77"]
[EventDate "2021.02.25"]
[EventType "tourn"]
[EventCountry "UKR"]
[SourceTitle "playchess.com"]
[Source "ChessBase"]
[SourceQuality "1"]

{[%evp 25,77,20,14,11,22,32,20,23,23,20,32,20,10,0,0,0,0,0,0,-22,-16,-18,0,0,0,0,0,0,0,0,0,0,0,0,0,0,0,-7,0,0,0,0,0,0,0,0,0,0,0,0,0,0,0,0]} 1. d4 d6 2. Nf3 Nf6 3. g3 g6 4. Bg2 Bg7 5. O-O O-O 6. c4 Nc6 7. Nc3 Rb8 8. h3 a6 9. e4 b5 10. cxb5 axb5 11. Re1 e5 12. dxe5 Nxe5 13. Nxe5 dxe5 14. Bg5 {[#] E63: King's Indian: Fianchetto: Panno Variation with 7...a6.} Qxd1 $146 ({Predecessor:} 14... c6 15. Qc2 Be6 16. b3 Qc8 17. Kh2 h6 18. Be3 Nd7 19. Red1 Re8 20. Qd2 Kh7 21. Rac1 Qb7 {0-1 (44) Chetverik,M (2272)-Savitskiy,S (2367) Pardubice 2012}) 15. Rexd1 Be6 16. Nd5 Nxd5 17. exd5 Bd7 18. Rac1 Rfc8 {The position is equal.} 19. Rd2 f6 20. Be3 Bf8 $1 21. Rdc2 Bd6 22. b4 Kf7 23. Bc5 Ra8 (23... Ke7 {looks sharper.} 24. Rc3 Ra8 25. a3 f5 26. Bf1 Ra6) 24. Bxd6 cxd6 25. Rxc8 $1 Rxc8 26. Rxc8 Bxc8 $11 {[%mdl 4096] Endgame KB-KB} 27. Bf1 Bd7 28. f4 Ke7 29. Kf2 Kd8 30. Ke3 Kc7 31. h4 h5 32. Bd3 f5 33. Bc2 e4 34. Kd4 Kb6 35. Bd1 Kc7 36. Bb3 Kb6 37. Bc2 Kc7 38. Bb3 Kb6 39. Bc2 {An uneventful encounter.  Weighted Error Value: White=0.03/Black=0.02} 1/2-1/2

[Event "Mykolaiv IM Feb 2021"]
[Site "Mykolaiv"]
[Date "2021.03.02"]
[Round "5.5"]
[White "Sydoryka, Vladyslav"]
[Black "Boricsev, Oleg"]
[Result "0-1"]
[WhiteElo "2331"]
[BlackElo "2234"]
[Annotator "TA"]
[PlyCount "62"]
[EventDate "2021.02.25"]
[EventType "tourn"]
[EventCountry "UKR"]
[SourceTitle "playchess.com"]
[Source "ChessBase"]
[SourceQuality "1"]

{[%evp 23,62,81,56,53,53,41,44,47,56,64,70,30,34,35,77,70,97,56,76,79,93,22,13,0,0,0,0,0,0,0,0,-298,-219,-290,-251,-29988,-29989,-29989,-29990,-29991,-29992]} 1. c4 c5 2. g3 Nc6 3. Bg2 b6 4. b3 Bb7 5. Bb2 Nf6 6. Nf3 e6 7. O-O d5 8. cxd5 exd5 9. d4 Be7 10. Nc3 O-O 11. dxc5 bxc5 12. Rc1 Rc8 13. Na4 {D30: Queen's Gambit Declined: Systems without Nc3.} Nb4 14. a3 Na6 15. Ne5 {[#] White is slightly better.} Qc7 $146 ({Predecessor:} 15... Re8 16. Nc3 Bd6 17. Nc4 Bb8 18. Ne3 Be5 19. Nc4 Bb8 20. Nd2 Bc6 21. Na2 Qe7 22. Re1 Be5 23. Bxe5 Qxe5 24. Qc2 Bd7 25. e4 d4 26. Nc4 Qe7 27. e5 {1-0 (27) Henrich,D (2039)-Hendrich,D (1757) Eschborn 2014}) 16. e3 Rfd8 17. Nf3 Qb8 18. Bh3 d4 19. exd4 Qa8 20. Nd2 {Qe2 is the strong threat.} ({Much less strong is} 20. Bxc8 Bxf3 21. Qd3 Rxc8 $16) 20... Rc7 $1 21. Qe2 {Black must now prevent dxc5.} Bf8 22. Rfd1 (22. d5 $16 {aiming for Bxf6.} Re7 23. Qc4) 22... cxd4 $11 23. Rxc7 Nxc7 24. Qc4 Ne6 25. Bxe6 fxe6 26. Qxe6+ Kh8 27. Nf1 $2 {[%mdl 8192]} (27. Qc4 $11 {and White has nothing to worry.}) 27... Bh1 $19 {[%csl Gh1][%cal Ra8g2]} 28. Qh3 {[#]} Ne4 $1 $40 {[%cal Re4g5][%mdl 128] ( -> ...Ng5). Black goes for the king.} 29. g4 $2 (29. Rxd4 Ng5 30. Ne3 Nxh3+ 31. Kf1 Rxd4 32. Bxd4 Qe4 33. Ke1 Qxd4 34. Nf1 Bxa3 35. Nd2 Bb4 36. Nc3 Bxc3 37. f4 Qxd2+ {[%mdl 64] Double Attack} 38. Kf1 Bg2#) (29. Nd2 $19 Nxd2 30. Rxd2) (29. Nd2 Ng5) 29... Ng5 {[%cal Rg5h3] Black mates.} 30. Qg3 Bd6 31. f4 {[#]} Bxf4 $1 {[%mdl 512] Weighted Error Value: White=0.65/Black=0.05} 0-1

[Event "Mykolaiv IM Feb 2021"]
[Site "Mykolaiv"]
[Date "2021.03.02"]
[Round "6.1"]
[White "Kozak, Leonid"]
[Black "Boricsev, Oleg"]
[Result "1/2-1/2"]
[WhiteElo "2244"]
[BlackElo "2234"]
[Annotator "TA"]
[PlyCount "32"]
[EventDate "2021.02.25"]
[EventType "tourn"]
[EventCountry "UKR"]
[SourceTitle "playchess.com"]
[Source "ChessBase"]
[SourceQuality "1"]

{[%evp 20,21,0,0]} 1. d4 d5 2. c4 c6 3. cxd5 cxd5 4. Nf3 Nc6 5. Nc3 Nf6 6. Bf4 Bf5 7. e3 e6 8. Bd3 Bxd3 9. Qxd3 Bd6 10. Bxd6 Qxd6 11. O-O {[#]} {Predecessor:} O-O $146 {D14: Slav Defence: Exchange variation with ...Bf5.} 12. Rfc1 Rfc8 13. Ne2 Ne7 14. Nc3 Nc6 15. Ne2 Ne7 16. Nc3 Nc6 {½-½ (16) Amin,B (2695)-Adly,A (2615) Tornelo INT 2021} 1/2-1/2

[Event "Mykolaiv IM Feb 2021"]
[Site "Mykolaiv"]
[Date "2021.03.02"]
[Round "6.2"]
[White "Kushko, Dmitriy"]
[Black "Sydoryka, Vladyslav"]
[Result "1/2-1/2"]
[WhiteElo "2285"]
[BlackElo "2331"]
[Annotator "TA"]
[PlyCount "148"]
[EventDate "2021.02.25"]
[EventType "tourn"]
[EventCountry "UKR"]
[SourceTitle "playchess.com"]
[Source "ChessBase"]
[SourceQuality "1"]

{[%evp 11,148,15,10,-2,11,11,15,10,25,30,36,14,23,24,20,13,50,54,47,37,58,57,55,42,58,8,40,0,0,0,0,0,0,0,0,-25,-14,-23,-3,-18,0,-11,0,-43,2,-22,-13,-14,43,56,239,243,224,221,505,485,467,468,566,468,576,386,386,255,308,230,332,281,265,223,227,227,227,239,229,193,240,163,249,177,178,110,141,149,150,138,235,217,222,202,198,101,123,129,293,321,320,318,407,410,397,403,399,312,287,0,397,377,1069,1034,1006,627,613,611,781,514,514,514,514,514,441,59,65,8,12,0,80,96,100,0,20,0,12,0,18,12,12,0,42]} 1. g3 d5 2. Bg2 c6 3. Nf3 Bg4 4. h3 Bh5 5. O-O Nd7 6. d3 Ngf6 7. Qe1 {7.c4 is more advanced technology. A07: Réti Opening: New York and Capablanca Systems.} e5 8. e4 dxe4 9. dxe4 Bc5 10. a4 {[%cal Ba2a4,Ba4a5][%mdl 32]} O-O 11. Nh4 Re8 12. Na3 Qc7 13. Bd2 {[#]} Nb6 $146 ({Predecessor:} 13... Rad8 14. b4 Bf8 15. Nc4 b5 16. Nb2 a6 17. c4 c5 18. axb5 axb5 19. cxb5 Qb7 {½-½ (47) Bracker,F (2391)-Solodovnichenko,Y (2568) Rome 2017}) 14. a5 Nc8 15. Nf5 Nd7 16. b4 Bf8 17. c4 Rb8 18. Kh2 f6 19. Bc3 b6 20. a6 Nd6 21. Ne3 Bf7 22. Qe2 Rbd8 23. Nac2 Bg6 24. f3 Bf7 25. h4 Be6 26. Rfc1 Nb8 27. Be1 g6 28. c5 Nb5 29. cxb6 axb6 {[#]} (29... Qxb6 $11 30. Bh3 Nxa6) 30. Nd5 $1 $14 Bxd5 (30... Qf7 $1 $14) 31. exd5 $18 Na7 32. dxc6 b5 $2 (32... Qxc6 33. Na3 Qd7) 33. Na3 Nbxc6 34. Nxb5 Qb8 35. Rxc6 Nxb5 36. Rxf6 Kg7 37. a7 Nxa7 38. Qa6 Rd7 (38... Nc8 $142 39. Rc6 Ne7) 39. h5 Qd8 40. Rb6 {And now Bh3 would win.} Nc8 41. Rb7 Rxb7 42. Qxb7+ Re7 43. Qe4 {Black must now prevent Bc3.} Nd6 44. Qg4 Qc7 (44... Qb6 {might work better.} 45. Ra2 Qd4) 45. Qg5 Nf7 46. Qh4 (46. Qe3 $18) 46... Re6 47. b5 gxh5 48. Ra6 (48. Qxh5 $2 Rh6 $19) 48... Bd6 {[#]} (48... Rg6 $16 {was necessary.}) 49. Rc6 $1 {[%cal Rc6c7]} ({Not} 49. Qxh5 $2 Rh6 $19) 49... Qb7 50. Qc4 ({But not} 50. Qxh5 $2 Rh6 $19) 50... Rg6 51. Bf2 (51. f4 $18 h4 52. f5 hxg3+ 53. Kg1 (53. Bxg3 Rh6+ 54. Kg1 Qd7 $18)) 51... h4 $16 52. gxh4 {aiming for h5.} Qe7 $2 (52... e4+ $16 {was worth a try.} 53. Kh1 exf3 54. Bxf3 Qd7) 53. Kh1 $18 e4 54. Qxe4 Re6 55. Bd4+ Kh6 56. Be3+ $1 Kg7 57. Qg4+ Rg6 58. Qe4 Re6 $1 {[%cal Re6e4] [#]} 59. Qd4+ Kg8 $2 (59... Qf6 60. f4 Qxd4 61. Bxd4+ Kf8) 60. Rc8+ Nd8 61. Qg4+ Rg6 62. Qc4+ Kf8 63. Bg5 Rxg5 64. hxg5 Qxg5 65. Qg4 Qf6 {( -> ...Qa1+)} 66. Rxd8+ $2 Qxd8 $14 67. Qf5+ (67. Qd4 $14) 67... Kg7 $11 68. Qg4+ (68. Bf1 {is interesting.} Qh4+ 69. Qh3 Qf6 70. Qh5 Qf4 71. Qg4+) 68... Kh8 (68... Kf8 $11 {keeps the balance.}) 69. Qd4+ $16 Kg8 70. Qg4+ (70. Bf1 $16 {Bc4+ would kill now.} Kf7 71. Qd5+ Kf8 72. Kg2) 70... Kf8 $11 {The position is equal.} 71. Qf5+ Kg7 72. Qg4+ Kh6 73. Qe6+ Kg7 74. Qg4+ Kf8 {Black defended with fortune.  Weighted Error Value: White=0.29/Black=0.30} 1/2-1/2

[Event "Mykolaiv IM Feb 2021"]
[Site "Mykolaiv"]
[Date "2021.03.02"]
[Round "6.3"]
[White "Bondar, Dmytro"]
[Black "Anwesh, Upadhyaya"]
[Result "0-1"]
[WhiteElo "2254"]
[BlackElo "2364"]
[Annotator "TA"]
[PlyCount "46"]
[EventDate "2021.02.25"]
[EventType "tourn"]
[EventCountry "UKR"]
[SourceTitle "playchess.com"]
[Source "ChessBase"]
[SourceQuality "1"]

{[%evp 11,46,18,20,12,20,9,37,1,5,4,4,-8,31,0,0,0,8,-20,-18,-25,-15,-64,-46,-403,-402,-418,-423,-463,-290,-318,-308,-311,-307,-545,-540,-521,-370]} 1. e4 e5 2. Nf3 Nc6 3. Bb5 a6 4. Ba4 d6 5. c3 f5 6. d3 Nf6 7. O-O {C74: Ruy Lopez: Deferred Steinitz: 5 c3 f5.} fxe4 8. dxe4 Be6 {[#]} ({Much worse is} 8... Nxe4 $6 9. Nxe5 $1 {[%mdl 512]} dxe5 10. Qh5+ Ke7 11. Bxc6 $16) 9. Qd3 $146 {White is slightly better.} ({Predecessor:} 9. Nbd2 Be7 10. Ng5 Bg8 11. Bb3 Qd7 12. f4 exf4 13. Rxf4 h6 14. Nh3 O-O-O 15. Qe2 {1-0 (35) Muehlhan,K (1986)-Hesselbarth,K (1789) Berlin 2011}) 9... Be7 10. Ng5 Bg8 11. f4 Nd7 12. Bxc6 (12. Qg3 {is interesting.} Bxg5 13. fxg5 Bc4 14. Rf2 Qe7 15. Be3) 12... bxc6 13. Nf3 Bf7 14. fxe5 Nxe5 15. Nxe5 dxe5 16. Qg3 O-O 17. Bh6 $2 {[%mdl 8192] [#] This costs White the game.} (17. Nd2 $15) 17... Bg6 $1 $19 {( -> ...Rxf1+)} 18. Rxf8+ Bxf8 19. Bd2 Bxe4 20. Qe3 Qd5 21. c4 Qxc4 {Strongly threatening ...Bc5!} 22. Na3 $2 (22. b3 Qd4 23. Nc3) 22... Qd5 {...Bc5! is the strong threat.} 23. Rc1 Bxg2 {Weighted Error Value: White=0.72/Black=0.20} 0-1

[Event "Mykolaiv IM Feb 2021"]
[Site "Mykolaiv"]
[Date "2021.03.02"]
[Round "6.4"]
[White "Okhotnik, Vladimir"]
[Black "Kocyigit, Buse Naz"]
[Result "1-0"]
[WhiteElo "2350"]
[BlackElo "2143"]
[Annotator "TA"]
[PlyCount "159"]
[EventDate "2021.02.25"]
[EventType "tourn"]
[EventCountry "UKR"]
[SourceTitle "playchess.com"]
[Source "ChessBase"]
[SourceQuality "1"]

{[%evp 9,159,5,15,0,0,-16,25,17,14,0,11,10,22,-4,1,-10,-14,-60,-59,-58,-42,-45,-52,-57,-56,-67,-20,-44,40,31,95,91,98,-78,0,13,87,0,0,7,50,20,91,84,112,110,141,117,121,115,176,176,176,176,179,179,189,193,259,210,191,188,207,208,412,413,417,410,425,410,416,383,387,361,422,421,528,415,427,417,420,334,414,343,445,444,440,334,334,334,334,334,431,424,519,519,519,519,519,376,519,500,762,672,602,595,804,589,566,558,555,446,439,425,431,425,422,408,784,780,749,676,5714,4704,7973,6697,29971,29972,29972,29972,29971,29972,29972,29973,29974,29975,29976,29976,29977,29977,29976,29976,29977,29978,29977,29978,29978,29979,29979,29980,29980,29981]} 1. d4 Nf6 2. Nf3 g6 3. Nc3 d5 4. Bf4 Bg7 5. Nb5 Na6 6. e3 {D00: 1 d4 d5: Unusual lines.} O-O 7. h3 c5 8. c3 {White has an edge.} Bd7 9. a4 c4 10. b3 cxb3 11. Qxb3 Qa5 $1 12. Rc1 Rfc8 {[#]} 13. Ne5 $146 ({Predecessor:} 13. Bd3 Nb8 14. O-O a6 15. Nc7 Rxc7 16. Bxc7 Qxc7 17. c4 dxc4 18. Bxc4 e6 19. Bxa6 {½-½ (32) Boudriga,M (2366)-Mohammad,N (2050) Hammamet 2019}) 13... Nb8 14. Nxd7 Nbxd7 15. Be2 a6 16. Na3 Ne4 {[%cal Re4c3]} 17. Nb1 Nb6 18. O-O Nxa4 (18... e6 $15) 19. c4 $14 Nb6 (19... b5 $14) 20. c5 $16 e5 21. f3 $2 Nxc5 (21... Nd2 $17 22. Nxd2 exf4) 22. dxc5 $11 {Strongly threatening Bxe5.} Rxc5 (22... exf4 $11 23. cxb6 fxe3) 23. Rxc5 ({White should try} 23. Bg5 $16) 23... Qxc5 24. Bg3 $36 {[%mdl 2048] White has good play.} Rc8 25. Bf2 Rc7 {[#]} (25... Bf8 $11 {remains equal.}) 26. Nc3 $1 $16 {White stays focused until the end.} Qxc3 (26... Rc6 27. Rc1) 27. Qxb6 Qc5 28. Qb3 b5 29. Rd1 Qc2 (29... d4 $16 30. Qd3 Qc2) 30. Qxc2 $18 Rxc2 31. Kf1 Rc5 32. Be1 d4 33. Ra1 Bh6 (33... e4 {was worth a try.}) 34. Bb4 Rc6 35. exd4 exd4 {[#]} 36. Bxb5 $1 {[%mdl 512]} Rc2 (36... axb5 {might work better.} 37. Ra8+ Kg7) 37. Bxa6 Be3 38. Be1 Rb2 39. Be2 h5 40. Rd1 f5 41. f4 Bxf4 42. Rxd4 Bg5 43. Rd7 Rc2 44. Bf3 Rc8 45. Rd6 Kh7 46. h4 Rd8 47. Rc6 Bf4 48. Rc4 Be5 49. Rc5 Bf6 50. Rc7+ Kg8 51. Bc3 Bxc3 52. Rxc3 {[%mdl 4096] Endgame KRB-KR} Kg7 53. Rc4 Rd2 54. Be2 Kf6 55. Kf2 Rb2 (55... Rd6 $142 56. Bf3 Kg7) 56. Ke3 Ke5 57. Rc6 f4+ 58. Kf3 Rb3+ 59. Kf2 Kf5 60. Kg1 Rb1+ 61. Kh2 {Bd3+ is the strong threat.} Rb2 62. Bd1 Rd2 63. Bf3 Rb2 (63... Rd4 $142 64. Ra6 Rc4) 64. Rc5+ Kf6 65. Be4 Re2 66. Rc6+ Ke7 67. Bf3 Re6 68. Rxe6+ {White mates.} Kxe6 {KB-K3P} 69. Be4 Kf6 70. Bc6 Kf5 71. Bd7+ Ke4 72. Kg1 Ke5 73. Kf2 Kf6 74. Bc8 g5 75. hxg5+ Kxg5 76. Kg1 Kf6 77. Kh2 Kg6 78. Kh3 Kg5 79. Bd7 Kg6 80. Kh4 {Weighted Error Value: White=0.26/Black=0.39} 1-0